Grand River Transit Routes - Statistics

General Stats
  • This quiz has been taken 21 times
  • The average score is 33 of 53
Answer Stats
Route # Name % Correct
7 King
100%
9 Lakeshore
100%
202 University
100%
51 Hespeler
93%
205 Ottawa
93%
3 Ottawa South
93%
1 Queen-River
93%
206 Coronation
86%
21 Elmira
86%
57 Blair
79%
5 Erb
79%
33 Huron
79%
91 Late Night Loop
79%
203 Maple Grove
79%
30 Ring Road
79%
110 College Express
71%
58 Elgin North
71%
65 Saginaw
71%
62 Speedsville
71%
20 Victoria-Frederick
71%
63 Champlain
64%
31 Columbia
64%
204 Highland-Victoria
64%
10 Pioneer
64%
16 Strasburg-Belmont
64%
26 Trillium
64%
8 Weber
64%
76 Doon Mills
57%
55 Grand Ridge
57%
19 Hazel
57%
27 Morrison
57%
61 Preston
57%
6 Bridge-Courtland
50%
53 Franklin
50%
28 Franklin North
50%
4 Glasgow-Margaret
50%
23 Idlewood
50%
29 Keats-University
50%
56 Langs
50%
13 Laurelwood
50%
12 Westmount
50%
14 Bathurst
43%
72 Flex Boxwood
43%
22 Laurentian West
43%
77 Wilmot
43%
34 Bingemans
36%
201 Fischer-Hallman
36%
78 Fountain
36%
35 Greenbrook
29%
60 Burnett
21%
50 Dundas-Myers
21%
67 Eagle-Pinewood
21%
36 Thomas Slee
21%
No matching quizzes found
Score Distribution
Percent of People with Each Score
Percentile by Number Answered
Your Score History
You have not taken this quiz